Responses for Show #7982 - Tuesday, April 30, 2019

James Holzhauer game 19.

Contestants

[<< previous game]

Libby Wood, a marketing writer from Seattle, Washington

Jason Lai, a financial risk consultant from Duluth, Georgia

James Holzhauer, a professional sports gambler from Las Vegas, Nevada (whose 18-day cash winnings total $1,329,604)

[next game >>]

Jeopardy! Round responses

U.S. PRESIDENTS
THAT'S A NOVEL PLACE
"SUPER" ENTERTAINMENT
TASTE SENSATIONS
BROOKLYN
9...9
    $200 25
Obama

James
    $200 26
Rome

James
    $200 27
Superbad

Jason
    $200 28
hot

James
    $200 29
the Nets

Libby
    $200 30
a stitch

James
    $400 24
New York

James
    $400 23
(Jason: What is Yuma?)

Cuba Libre

Jason
Triple Stumper
    $400 19
"Super Bass"

James
    $400 20
fruit bombs

Triple Stumper
    $400 21
Bedford-Stuyvesant

James
    $400 22
November

James
    $600 15
(Calvin "Silent Cal") Coolidge

James
    $600 8
A Passage to India

James
    $600 16
Jesus Christ Superstar

Libby
    $600 17
mouthfeel

James
    $600 11
Coney Island

Jason
    $600 18
transistor radios

Libby
    $800 14
the Medal of Freedom

James
    $800 7
The Boys from Brazil

Libby
    $800 9
Superstore

James
    $800 12
amino acids

James
    $800 10
the Arizona

Libby
    $800 13
the armadillo

Jason
    $1000 2
(James) Polk

James
    $1000 6
(Alex: [To James] You did well in those $1,000 clues.)

Congo

James
    $1000 3
Man and Superman

James
    $1000 5
menthol

James
    $1,000 1
Borough Hall

James
    $1000 4
the hydra

James

Scores at the first commercial break (after clue 15):

James Jason Libby
$9,600 $1,400 $1,600

Scores at the end of the Jeopardy! Round:

James Jason Libby
$12,600 $1,200 $3,000

Double Jeopardy! Round responses

IT'S ALL IN YOUR HEAD
LESSER-KNOWN NAMES
VIDEO GAMES
STAGE CRAFT
AMERICAN GODS
CROSSWORD CLUES "G"
    $400 30
the pituitary

James
    $400 29
Harvard

James
    $400 25
MLB (or Major League Baseball)

James
    $400 27
Peter Pan

James
    $400 26
childbirth

James
    $400 22
gridiron

James
    $800 9
the blind spot

James
    $800 28
RFK (or Robert Kennedy)

James
    $800 24
Mario

James
    $800 14
Show Boat

James
    $800 10
the Inca

James
    $800 21
ghostwriter

Libby
    $1200 8
the cochlea

James
    $11,914 5
survival of the fittest

James
    $1200 23
Io

James
    $1200 13
"Bon Voyage"

Triple Stumper
    $1200 2
Samedi

James
    $1200 20
gross

James
    $1600 6
a septum

Jason
    $1600 18
William Jennings Bryan

Jason
    $1600 16
Alexandria

Libby
    $9,812 11
the H.M.S. Pinafore

James
    $1600 3
the Carib

James
    $1600 19
garnet

James
    $2000 7
the uvula

James
    $2000 17
artist

Jason
    $2000 15
Far Cry

James
    $2000 12
Madame Butterfly

Libby
    $2000 4
Nokomis

James
    $2000 1
galvanize

James

Scores at the end of the Double Jeopardy! Round:

James Jason Libby
$56,726 $6,400 $7,400
(lock game)

[wagering suggestions for these scores]

Final Jeopardy! Round responses

EUROPEAN CITIES
JasonWhat is Bern?
$1,001
LibbyWhat is congrats to James
$5,401
JamesWhat is Bonn?
$40,000
Bonn

Final scores:

James Jason Libby
$96,726 $5,399 $1,999
19-day champion: $1,426,330 2nd place: $2,000 3rd place: $1,000

Game dynamics:

Coryat scores:

James Jason Libby
$37,800 $6,400 $7,400
43 R
(including 3 DDs),
0 W
6 R,
1 W
8 R,
0 W

Combined Coryat: $51,600

[game clues] [game scores] [suggest correction]

Game tape date: 2019-02-27
The J! Archive is created by fans, for fans. Scraping, republication, monetization, and malicious use prohibited; this site may use cookies and collect identifying information. See terms. The Jeopardy! game show and all elements thereof, including but not limited to copyright and trademark thereto, are the property of Jeopardy Productions, Inc. and are protected under law. This website is not affiliated with, sponsored by, or operated by Jeopardy Productions, Inc. Join the discussion at JBoard.tv.